Industrias precerámicas de la Puna argentina / por Eduardo Mario Cigliano
Descripción Física:
34 p. : il., amb làm. ; 27 cm
Colección:
Monografías ; 2
Materias:
Prehistòria -- Argentina
MARC
| LEADER | 00000nam a2200000Ia 4500 | ||
|---|---|---|---|
| 001 | 7801 | ||
| 008 | 160829s1962 xx 000 0 cat d | ||
| 080 | |a FU-21-22 | ||
| 100 | |a Cigliano, Eduardo Mario |9 22898 | ||
| 245 | |a Industrias precerámicas de la Puna argentina / por Eduardo Mario Cigliano | ||
| 260 | |a Barcelona : |b Diputación. Instituto de Prehistoria y Arqueología, |c 1962 | ||
| 300 | |a 34 p. : |b il., amb làm. ; |c 27 cm | ||
| 490 | |a Monografías ; 2 | ||
| 590 | |a Separata d'Ampurias ; 24 | ||
| 650 | |a Prehistòria |x Argentina |9 22899 | ||
| 710 | 2 | |a Instituto de Prehistoria y Arqueología (Barcelona, Catalunya) |9 54255 | |
| 901 | |a Arxiu | ||
| 942 | |n 1 |2 udc | ||
| 952 | |0 0 |1 0 |4 0 |6 FU2122 |7 1 |9 42372 |a Arxiu |b Arxiu |d 2016-12-01 |l 0 |o FU-21-22 |p 7801 |r 2016-12-01 00:00:00 |w 2016-12-01 |y ARXIU | ||
| 999 | |c 44850 |d 44850 | ||